| 000 | 00907nas a2200289 4500 | ||
|---|---|---|---|
| 001 | BR0901539 | ||
| 003 | BR-BrBNA | ||
| 005 | 20231205112607.0 | ||
| 007 | ta | ||
| 008 | 230509b bl.|||p| |||| 00| 00por d | ||
| 040 |
_aBR-BrBNA _bpor _cBiblioteca Nacional de Agricultura |
||
| 041 | _a(Pt) | ||
| 072 | _aK10 | ||
| 100 | 1 | _aSilva, M.A. da | |
| 100 | 1 | _aMello, J.M. de | |
| 100 | 1 | _aScolforo, J.R.S. | |
| 100 | 1 | _aCzanck Junior, L. | |
| 100 | 1 | _aAndrade, I.S. | |
| 100 | 1 | _aOliveira, A.D. de | |
| 245 | 1 | _aAnalise da distribuição espacial da candeia (Eremanthus erythropappus (DC.)MacLeish)sujeita ao sistema de manejo porta-sementes | |
| 650 | _aCANDEIA | ||
| 650 | _aPRODUÇÃO FLORESTAL | ||
| 650 | _aSISTEMA DE CULTIVO | ||
| 773 | 0 |
_tCerne (Brazil) _xISSN 0104-7760 _g(Oct-Dec 2008), v. 14(4) p. 311-316 _wBR0901539 |
|
| 909 |
_a202311 _bLúcia _c55 _dLúcia Elande |
||
| 942 |
_2AGRIS _n0 _cANA |
||
| 999 |
_c198851 _d198851 |
||